The Cambridge Companion To Twentieth-Century English Poetry / (Record no. 8174)

MARC details
000 -LEADER
fixed length control field 00856nac a22002171u 4500
010 ## - LIBRARY OF CONGRESS CONTROL NUMBER
LC control number 007375418
020 ## - INTERNATIONAL STANDARD BOOK NUMBER
International Standard Book Number 9780521691321
082 ## - DEWEY DECIMAL CLASSIFICATION NUMBER
Classification number 821.91209
Item number COR
090 ## - LOCALLY ASSIGNED LC-TYPE CALL NUMBER (OCLC); LOCAL CALL NUMBER (OCLC)
-- 8174
-- 8174
100 ## - MAIN ENTRY--PERSONAL NAME
Personal name Corcoran, Neil.[ed.]
245 ## - TITLE STATEMENT
Title The Cambridge Companion To Twentieth-Century English Poetry /
Statement of responsibility, etc Edited By Neil Corcoran.
260 ## - PUBLICATION, DISTRIBUTION, ETC. (IMPRINT)
Place of publication, distribution, etc Cambridge:
Name of publisher, distributor, etc Cambridge University Press,C.2007.
Date of publication, distribution, etc C.2007
300 ## - PHYSICAL DESCRIPTION
Extent 268p;
Dimensions 19cm.
500 ## - GENERAL NOTE
General note Distributer: Al-Ahram.
504 ## - BIBLIOGRAPHY, ETC. NOTE
Bibliography, etc Includes Index.
511 ## - PARTICIPANT OR PERFORMER NOTE
Participant or performer note Catalogued By: Mahitab.
650 ## - SUBJECT ADDED ENTRY--TOPICAL TERM
Topical term or geographic name as entry element English poetry -- 20th century -- History and criticism.
650 ## - SUBJECT ADDED ENTRY--TOPICAL TERM
Topical term or geographic name as entry element Poetry in English 1900-
942 ## - ADDED ENTRY ELEMENTS (KOHA)
Item type Book - Borrowing
Call number prefix 821.91209
Holdings
Withdrawn status Item status Source of classification or shelving scheme Damaged status Not for loan Vendor Home library Current library Shelving location Date acquired Source of acquisition Total Checkouts Full call number Barcode Date last seen Date last borrowed Koha item type
    Dewey Decimal Classification       Central Library Central Library Second Floor 27/02/2008   1 821.91209 COR 000009993 15/07/2025 13/06/2011 Book - Borrowing